<?xml version="1.0" encoding="UTF-8"?>
<record
    xmlns:xsi="http://www.w3.org/2001/XMLSchema-instance"
    xsi:schemaLocation="http://www.loc.gov/MARC21/slim http://www.loc.gov/standards/marcxml/schema/MARC21slim.xsd"
    xmlns="http://www.loc.gov/MARC21/slim">

  <leader>02544nam a22003977a 4500</leader>
  <datafield tag="952" ind1=" " ind2=" ">
    <subfield code="0">0</subfield>
    <subfield code="1">0</subfield>
    <subfield code="2">lcc</subfield>
    <subfield code="4">0</subfield>
    <subfield code="7">0</subfield>
    <subfield code="a">07</subfield>
    <subfield code="b">07</subfield>
    <subfield code="d">2015-01-24</subfield>
    <subfield code="l">0</subfield>
    <subfield code="o">QA76.9A43 M45 2013</subfield>
    <subfield code="p">07 004949</subfield>
    <subfield code="r">2015-01-24</subfield>
    <subfield code="t">1</subfield>
    <subfield code="w">2015-01-24</subfield>
    <subfield code="y">LB</subfield>
  </datafield>
  <datafield tag="952" ind1=" " ind2=" ">
    <subfield code="0">0</subfield>
    <subfield code="1">0</subfield>
    <subfield code="4">0</subfield>
    <subfield code="7">0</subfield>
    <subfield code="a">04</subfield>
    <subfield code="b">04</subfield>
    <subfield code="d">2015-04-11</subfield>
    <subfield code="l">0</subfield>
    <subfield code="o">QA76.9A43 M46</subfield>
    <subfield code="p">04 005090</subfield>
    <subfield code="r">2015-04-11</subfield>
    <subfield code="t">1</subfield>
    <subfield code="w">2015-04-11</subfield>
    <subfield code="y">LB</subfield>
  </datafield>
  <datafield tag="952" ind1=" " ind2=" ">
    <subfield code="0">0</subfield>
    <subfield code="1">0</subfield>
    <subfield code="2">lcc</subfield>
    <subfield code="4">0</subfield>
    <subfield code="7">0</subfield>
    <subfield code="a">12</subfield>
    <subfield code="b">12</subfield>
    <subfield code="d">2015-06-05</subfield>
    <subfield code="l">3</subfield>
    <subfield code="o">QA76.9A43 M45</subfield>
    <subfield code="p">12 002238</subfield>
    <subfield code="r">2016-05-28</subfield>
    <subfield code="s">2016-05-28</subfield>
    <subfield code="t">1</subfield>
    <subfield code="w">2015-06-05</subfield>
    <subfield code="y">LB</subfield>
  </datafield>
  <datafield tag="952" ind1=" " ind2=" ">
    <subfield code="0">0</subfield>
    <subfield code="1">0</subfield>
    <subfield code="4">0</subfield>
    <subfield code="7">0</subfield>
    <subfield code="a">13</subfield>
    <subfield code="b">13</subfield>
    <subfield code="d">2016-01-18</subfield>
    <subfield code="l">4</subfield>
    <subfield code="m">2</subfield>
    <subfield code="o">QA76.9A43 M46 2013</subfield>
    <subfield code="p">13 003179</subfield>
    <subfield code="r">2019-07-22</subfield>
    <subfield code="s">2019-07-16</subfield>
    <subfield code="t">1</subfield>
    <subfield code="w">2016-01-18</subfield>
    <subfield code="y">LB</subfield>
  </datafield>
  <datafield tag="952" ind1=" " ind2=" ">
    <subfield code="0">0</subfield>
    <subfield code="1">0</subfield>
    <subfield code="4">0</subfield>
    <subfield code="7">0</subfield>
    <subfield code="a">13</subfield>
    <subfield code="b">13</subfield>
    <subfield code="d">2016-01-18</subfield>
    <subfield code="l">0</subfield>
    <subfield code="o">QA76.9A43 M46 2013</subfield>
    <subfield code="p">13 003183</subfield>
    <subfield code="r">2016-01-18</subfield>
    <subfield code="t">2</subfield>
    <subfield code="w">2016-01-18</subfield>
    <subfield code="y">LB</subfield>
  </datafield>
  <datafield tag="952" ind1=" " ind2=" ">
    <subfield code="0">0</subfield>
    <subfield code="1">0</subfield>
    <subfield code="4">0</subfield>
    <subfield code="7">0</subfield>
    <subfield code="a">03</subfield>
    <subfield code="b">03</subfield>
    <subfield code="d">2016-03-01</subfield>
    <subfield code="l">0</subfield>
    <subfield code="o">QA76.9A43 M46</subfield>
    <subfield code="p">03 008761</subfield>
    <subfield code="r">2016-03-01</subfield>
    <subfield code="t">1</subfield>
    <subfield code="w">2016-03-01</subfield>
    <subfield code="y">LB</subfield>
  </datafield>
  <datafield tag="952" ind1=" " ind2=" ">
    <subfield code="0">0</subfield>
    <subfield code="1">0</subfield>
    <subfield code="2">lcc</subfield>
    <subfield code="4">0</subfield>
    <subfield code="7">0</subfield>
    <subfield code="a">12</subfield>
    <subfield code="b">12</subfield>
    <subfield code="d">2016-04-27</subfield>
    <subfield code="l">0</subfield>
    <subfield code="o">QA76.9A43 M45 2013</subfield>
    <subfield code="p">12 004137</subfield>
    <subfield code="r">2016-04-27</subfield>
    <subfield code="t">2</subfield>
    <subfield code="w">2016-04-27</subfield>
    <subfield code="y">LB</subfield>
  </datafield>
  <datafield tag="952" ind1=" " ind2=" ">
    <subfield code="0">0</subfield>
    <subfield code="1">0</subfield>
    <subfield code="2">lcc</subfield>
    <subfield code="4">0</subfield>
    <subfield code="7">0</subfield>
    <subfield code="a">22</subfield>
    <subfield code="b">22</subfield>
    <subfield code="d">2014-05-15</subfield>
    <subfield code="l">2</subfield>
    <subfield code="m">2</subfield>
    <subfield code="o">QA76.9A43 M46 2013</subfield>
    <subfield code="p">22 001349</subfield>
    <subfield code="r">2017-11-21</subfield>
    <subfield code="s">2017-10-26</subfield>
    <subfield code="t">1</subfield>
    <subfield code="w">2016-08-26</subfield>
    <subfield code="y">LB</subfield>
  </datafield>
  <datafield tag="952" ind1=" " ind2=" ">
    <subfield code="0">0</subfield>
    <subfield code="1">0</subfield>
    <subfield code="4">0</subfield>
    <subfield code="7">0</subfield>
    <subfield code="a">18</subfield>
    <subfield code="b">18</subfield>
    <subfield code="d">2016-09-03</subfield>
    <subfield code="l">2</subfield>
    <subfield code="o">QA76.9A54 M45</subfield>
    <subfield code="p">18 003594</subfield>
    <subfield code="r">2019-08-29</subfield>
    <subfield code="s">2019-08-29</subfield>
    <subfield code="t">1</subfield>
    <subfield code="w">2016-09-03</subfield>
    <subfield code="y">LB</subfield>
  </datafield>
  <datafield tag="952" ind1=" " ind2=" ">
    <subfield code="0">0</subfield>
    <subfield code="1">0</subfield>
    <subfield code="2">lcc</subfield>
    <subfield code="4">0</subfield>
    <subfield code="7">0</subfield>
    <subfield code="a">12</subfield>
    <subfield code="b">12</subfield>
    <subfield code="d">2017-10-04</subfield>
    <subfield code="l">0</subfield>
    <subfield code="o">QA76.9A43 M45</subfield>
    <subfield code="p">24 000158</subfield>
    <subfield code="r">2023-09-21</subfield>
    <subfield code="t">1</subfield>
    <subfield code="w">2017-10-04</subfield>
    <subfield code="y">LB</subfield>
  </datafield>
  <datafield tag="952" ind1=" " ind2=" ">
    <subfield code="0">0</subfield>
    <subfield code="1">0</subfield>
    <subfield code="4">0</subfield>
    <subfield code="7">0</subfield>
    <subfield code="a">09</subfield>
    <subfield code="b">09</subfield>
    <subfield code="d">2018-09-25</subfield>
    <subfield code="l">0</subfield>
    <subfield code="o">QA76.9A43 M46</subfield>
    <subfield code="p">09 005140</subfield>
    <subfield code="r">2018-09-25</subfield>
    <subfield code="t">1</subfield>
    <subfield code="w">2018-09-25</subfield>
    <subfield code="y">LB</subfield>
  </datafield>
  <datafield tag="952" ind1=" " ind2=" ">
    <subfield code="0">0</subfield>
    <subfield code="1">0</subfield>
    <subfield code="4">0</subfield>
    <subfield code="7">0</subfield>
    <subfield code="a">08</subfield>
    <subfield code="b">08</subfield>
    <subfield code="d">2018-11-05</subfield>
    <subfield code="l">0</subfield>
    <subfield code="o">QA76.9A43 M46</subfield>
    <subfield code="p">08 006783</subfield>
    <subfield code="r">2018-11-05</subfield>
    <subfield code="t">1</subfield>
    <subfield code="w">2018-11-05</subfield>
    <subfield code="y">LB</subfield>
  </datafield>
  <datafield tag="952" ind1=" " ind2=" ">
    <subfield code="0">0</subfield>
    <subfield code="1">0</subfield>
    <subfield code="4">0</subfield>
    <subfield code="7">0</subfield>
    <subfield code="a">08</subfield>
    <subfield code="b">08</subfield>
    <subfield code="d">2018-11-05</subfield>
    <subfield code="l">0</subfield>
    <subfield code="o">QA76.9A43 M46</subfield>
    <subfield code="p">08 006788</subfield>
    <subfield code="r">2018-11-05</subfield>
    <subfield code="t">1</subfield>
    <subfield code="w">2018-11-05</subfield>
    <subfield code="y">LB</subfield>
  </datafield>
  <datafield tag="999" ind1=" " ind2=" ">
    <subfield code="c">96348</subfield>
    <subfield code="d">96348</subfield>
  </datafield>
  <controlfield tag="008">150411s2013    mx a     |||| 001 0 spa d</controlfield>
  <datafield tag="020" ind1=" " ind2=" ">
    <subfield code="a">9786077076018</subfield>
  </datafield>
  <datafield tag="050" ind1="0" ind2="4">
    <subfield code="a">QA76.9A43</subfield>
    <subfield code="b">M46</subfield>
  </datafield>
  <datafield tag="100" ind1="1" ind2=" ">
    <subfield code="a">M&#xE9;ndez Gir&#xF3;n, Alejandra Margarita</subfield>
    <subfield code="e">autora</subfield>
  </datafield>
  <datafield tag="245" ind1="1" ind2="0">
    <subfield code="a">Dise&#xF1;o de algoritmos y su programaci&#xF3;n en C</subfield>
    <subfield code="c"> / Alejandra Margarita M&#xE9;ndez Gir&#xF3;n</subfield>
  </datafield>
  <datafield tag="260" ind1="3" ind2=" ">
    <subfield code="a">M&#xE9;xico</subfield>
    <subfield code="b"> : Alfaomega</subfield>
    <subfield code="c">, 2013</subfield>
  </datafield>
  <datafield tag="300" ind1=" " ind2=" ">
    <subfield code="a">xii, 282 p&#xE1;ginas</subfield>
    <subfield code="b"> : ilustraciones</subfield>
  </datafield>
  <datafield tag="500" ind1=" " ind2=" ">
    <subfield code="a">Incluye: &#xED;ndice anal&#xED;tico (pp. 281-282)</subfield>
  </datafield>
  <datafield tag="504" ind1=" " ind2=" ">
    <subfield code="a">Bibliograf&#xED;a (pp. 279-280)
</subfield>
  </datafield>
  <datafield tag="505" ind1="1" ind2=" ">
    <subfield code="a">Algoritmos y programas
Estructuras de control
Implementaci&#xF3;n de los algoritmos
Programaci&#xF3;n modular 
Tipos compuestos de datos</subfield>
  </datafield>
  <datafield tag="519" ind1=" " ind2=" ">
    <subfield code="a">Educaci&#xF3;n Mixta / </subfield>
    <subfield code="b">Inform&#xE1;tica / </subfield>
    <subfield code="c">Algor&#xED;tmica y Estructura de Datos I (P10-1) / </subfield>
    <subfield code="d">(22 001349)</subfield>
  </datafield>
  <datafield tag="519" ind1=" " ind2=" ">
    <subfield code="a">Educaci&#xF3;n Mixta / </subfield>
    <subfield code="b">Inform&#xE1;tica / </subfield>
    <subfield code="c">Algor&#xED;tmica y Estructura de Datos I (P10-1) / </subfield>
    <subfield code="d">(18 003594)</subfield>
  </datafield>
  <datafield tag="519" ind1=" " ind2=" ">
    <subfield code="a">Educaci&#xF3;n Mixta / </subfield>
    <subfield code="b">Inform&#xE1;tica / </subfield>
    <subfield code="c">Algor&#xED;tmica y Estructura de Datos I (P10-1) / </subfield>
    <subfield code="d">(04 005090)
</subfield>
  </datafield>
  <datafield tag="519" ind1=" " ind2=" ">
    <subfield code="a">Educaci&#xF3;n Mixta / </subfield>
    <subfield code="b">Inform&#xE1;tica / </subfield>
    <subfield code="c">Algor&#xED;tmica y Estructura de Datos I (P10-1) / </subfield>
    <subfield code="d">(03 008761)
</subfield>
  </datafield>
  <datafield tag="519" ind1=" " ind2=" ">
    <subfield code="a">Educaci&#xF3;n Mixta / </subfield>
    <subfield code="b">Inform&#xE1;tica / </subfield>
    <subfield code="c">Algor&#xED;tmica y Estructura de Datos I (P10-1) / </subfield>
    <subfield code="d">(13 003179)
</subfield>
  </datafield>
  <datafield tag="519" ind1=" " ind2=" ">
    <subfield code="a">Educaci&#xF3;n Mixta / </subfield>
    <subfield code="b">Inform&#xE1;tica / </subfield>
    <subfield code="c">Algor&#xED;tmica y Estructura de Datos II (P11-2) / </subfield>
    <subfield code="d">(13 003183)
</subfield>
  </datafield>
  <datafield tag="519" ind1=" " ind2=" ">
    <subfield code="a">Material Complementario /</subfield>
    <subfield code="b">Inform&#xE1;tica /</subfield>
    <subfield code="d">(09 005140)</subfield>
  </datafield>
  <datafield tag="519" ind1=" " ind2=" ">
    <subfield code="a">Material Complementario /</subfield>
    <subfield code="b">Inform&#xE1;tica /</subfield>
    <subfield code="d">(08 006783, 08 006788)</subfield>
  </datafield>
  <datafield tag="519" ind1=" " ind2=" ">
    <subfield code="a">Material Complementario /</subfield>
    <subfield code="d">(07 004949)</subfield>
  </datafield>
  <datafield tag="519" ind1=" " ind2=" ">
    <subfield code="a">Modalidad Mixta /</subfield>
    <subfield code="b">Lic. en Inform&#xE1;tica /</subfield>
    <subfield code="c">Algor&#xED;tmica y estructura de datos I (P-10) /</subfield>
    <subfield code="d">(12 002238)</subfield>
  </datafield>
  <datafield tag="519" ind1=" " ind2=" ">
    <subfield code="a">Plan Flexible /</subfield>
    <subfield code="b">Lic. en Inform&#xE1;tica /</subfield>
    <subfield code="c">Algor&#xED;tmica y estructura de datos I (P-10) /</subfield>
    <subfield code="d">(12 004137)</subfield>
  </datafield>
  <datafield tag="519" ind1=" " ind2=" ">
    <subfield code="a">Plan Flexible /</subfield>
    <subfield code="b">Inform&#xE1;tica /</subfield>
    <subfield code="c">An&#xE1;lisis Y Dise&#xF1;o De Algoritmos (LI207-1) /</subfield>
    <subfield code="d">(24 000158)</subfield>
  </datafield>
  <datafield tag="650" ind1="1" ind2="4">
    <subfield code="a">ALGORITMOS COMPUTACIONALES</subfield>
  </datafield>
  <datafield tag="650" ind1="2" ind2="4">
    <subfield code="a">C (LENGUAJE DE PROGRAMACI&#xD3;N PARA COMPUTADORAS)</subfield>
  </datafield>
  <datafield tag="650" ind1="2" ind2="4">
    <subfield code="a">ALGOR&#xCD;TMOS EN INFORM&#xC1;TICA</subfield>
  </datafield>
  <datafield tag="942" ind1=" " ind2=" ">
    <subfield code="c">LB</subfield>
    <subfield code="2">lcc</subfield>
  </datafield>
</record>
